Countries Nirvana Visited - Statistics

General Stats
  • This quiz has been taken 58 times
    24 since last reset
  • The average score is 22 of 25
Answer Stats
Continent Country % Correct
Oceania Australia
94%
South America Brazil
94%
North America Canada
94%
Europe France
94%
Europe Germany
94%
North America Mexico
94%
Europe Sweden
94%
Europe United Kingdom
94%
North America United States of America
94%
Europe Austria
89%
Europe Ireland
89%
Europe Norway
89%
Europe Spain
89%
Europe Switzerland
89%
South America Argentina
83%
Europe Denmark
83%
Europe Finland
83%
Europe Italy
83%
Asia Japan
83%
Oceania New Zealand
83%
Europe Portugal
83%
Europe Belgium
78%
Europe Netherlands
78%
Europe Hungary
72%
Europe Slovenia
67%
No matching quizzes found
Score Distribution
Percent of People with Each Score
Percentile by Number Answered
Your Score History
You have not taken this quiz since the last reset